Irreversible quantum dynamics /

This set of tutorial reviews is dedicated to all aspects of irreversibility and time asymmetry in quantum mechanics. The main themes addressed are: - theoretical aspects of quantum irreversible dynamics - open quantum systems and applications - foundational aspects of irreversible quantum dynamics -...

Full description

Bibliographic Details
Corporate Authors: SpringerLink (Online service), Conference on Irreversible Quantum Dynamics
Other Authors: Benatti, Fabio, 1960-, Floreanini, R. (Roberto), 1957-
Format: Conference Proceeding eBook
Language:English
Published: Berlin ; New York : Springer, [2003]
Series:Lecture notes in physics ; 622.
Subjects:
Online Access:Connect to the full text of this electronic book

MARC

Tag First Indicator Second Indicator Subfields
LEADER 00000cam a22000004a 4500
001 in00003515521
006 m o d
007 cr |n|||||||||
008 030519s2003 gw a ob 101 0 eng c
005 20260421163301.1
019 |a 648155007 
020 |a 9783540448747 (electronic bk.) 
020 |a 3540448748 (electronic bk.) 
020 |z 3540402233 
020 |z 9783540402237 
035 |a (OCoLC)268555075  |z (OCoLC)648155007 
040 |a COO  |b eng  |e pn  |c COO  |d SPLNP  |d OCLCQ  |d GW5XE  |d OCLCQ  |d YNG  |d OCLCQ  |d GW5XE  |d OCLCF  |d OCLCQ  |d OCLCO  |d UtOrBLW 
042 |a pcc 
049 |a TXAM 
050 4 |a QC174.17.I76  |b I56 2003 
082 0 4 |a 530.12  |2 21 
245 0 0 |a Irreversible quantum dynamics /  |c F. Benatti, R. Floreanini (eds.). 
264 1 |a Berlin ;  |a New York :  |b Springer,  |c [2003] 
264 4 |c ©2003 
300 |a 1 online resource (x, 373 pages) :  |b illustrations. 
336 |a text  |b txt  |2 rdacontent 
337 |a computer  |b c  |2 rdamedia 
338 |a online resource  |b cr  |2 rdacarrier 
490 1 |a Lecture notes in physics,  |x 0075-8450 ;  |v 622 
504 |a Includes bibliographical references and index. 
505 0 0 |t Quantum theory of irreversibility: open systems and continuum mechanics /  |r Geoffrey L. Sewell --  |t Selected apsects of Markovian and non-Markovian quantum master equations /  |r Karl Lendi --  |t Apsects of open quantum dynamics /  |r Antoine Royer --  |t Concepts and methods in the theory of open quantum systems /  |r Heinz-Peter Breuer,  |r Francesco Petruccione --  |t Decoherence-free subspaces and subsystems /  |r Daniel A. Lidar,  |r K. Birgitta Whaley --  |t Controlled quantum open systems /  |r Robert Alicki --  |t Three different manifestations of the quantum zeno effect /  |r Paolo Facchi,  |r Saverio Pascazio --  |t Progressive decoherence and total environmental disentanglement /  |r Lajos Diósi --  |t Dynamics of dissipative quantum systems: from path integrals to master equations /  |r Joachim Ankerhold --  |t Quantum entropies in a classical context /  |r Mark Fannes --  |t Irreversibility and the foundations of quantum mechanics /  |r GianCarlo Ghirardi --  |t An attempt at relativistic spontaneous localization /  |r Alberto Rimini --  |t The quantum jump approach and quantum trajectories /  |r Gerhard C. Hegerfeldt --  |t Irreversibility, resonances and rigged Hilbert spaces /  |r Ioannis E. Antoniou,  |r Manolo Gadella --  |t Markovian master equations and resonances in quantum open systems /  |r Andrzej Kossakowski --  |t A new topology for an axiom of quantum mechanics /  |r Arno Bohm,  |r Sujeewa Wickramasekara --  |t The importance of boundary conditions in quantum mechanics /  |r Rafael de la Madrid --  |t Time asymmetric quantum mechanics and relativistic resonances /  |r Piotr Kielanowski --  |t Irreversibility in the framework of Hermitian and non-Hermitian treatments of resonance states /  |r Cleanthes A. Nicolaides. 
520 |a This set of tutorial reviews is dedicated to all aspects of irreversibility and time asymmetry in quantum mechanics. The main themes addressed are: - theoretical aspects of quantum irreversible dynamics - open quantum systems and applications - foundational aspects of irreversible quantum dynamics - asymmetric time evolution and resonances This volume will benefit graduate students and researchers looking for a readable account of the current status of the field. It is also suited for lecturers looking for advanced material for their courses and seminars. 
500 |a Electronic resource. 
650 0 |a Irreversible processes  |v Congresses. 
650 0 |a Space and time  |v Congresses. 
650 0 |a Symmetry (Physics)  |v Congresses. 
650 7 |a Irreversible processes.  |2 fast  |0 (OCoLC)fst00979495 
650 7 |a Space and time.  |2 fast  |0 (OCoLC)fst01127622 
650 7 |a Symmetry (Physics)  |2 fast  |0 (OCoLC)fst01140819 
655 7 |a Electronic books.  |2 local 
655 7 |a Conference proceedings.  |2 fast  |0 (OCoLC)fst01423772 
700 1 |a Benatti, Fabio,  |d 1960- 
700 1 |a Floreanini, R.  |q (Roberto),  |d 1957- 
710 2 |a SpringerLink (Online service) 
711 2 |a Conference on Irreversible Quantum Dynamics  |d (2002 :  |c Trieste, Italy) 
776 1 8 |i Print version:  |t Irreversible quantum dynamics.  |d Berlin ; New York : Springer, ©2003  |z 3540402233  |w (DLC) 2003053858  |w (OCoLC)52301736 
830 0 |a Lecture notes in physics ;  |v 622.  |x 0075-8450 
856 4 0 |u http://proxy.library.tamu.edu/login?url=https://link.springer.com/10.1007/3-540-44874-8  |z Connect to the full text of this electronic book  |t 0 
994 |a 92  |b TXA 
999 |a MARS 
999 f f |s 50d1d84d-4234-3aae-aec3-db86e6341de6  |i 62cea88d-52fe-335d-b20c-a3288b20bdc1  |t 0 
952 f f |a Texas A&M University  |b College Station  |c Electronic Resources  |s www_evans  |d Available Online  |t 0  |e QC174.17.I76 I56 2003  |h Library of Congress classification 
998 f f |a QC174.17.I76 I56 2003  |t 0  |l Available Online